Двадесет победни години (Запис номер 149424)
[ съкратено ]
| 000 -Лидер | |
|---|---|
| Контролно поле с фиксирана дължина | 01866nam a2200421 c 4500 |
| 003 - Код на организацията, давaща контролен номер | |
| Контролно поле | BLK |
| 005 - Дата и час на последна редакция | |
| Контролно поле | 20240221130632.0 |
| 008 - Елементи от данни с фиксирана дължина | |
| fixed length control field | 180410b bul|||||r ||||||| ||bul|| |
| 010 ## - Наследен системен номер | |
| LC control number | KNG00155681000 |
| 040 ## - Източник на каталожния запис | |
| Идентификатор на билиотеката - собственик на записа | BLK |
| 041 ## - Код за език | |
| Код за езика на текст/звукозапис или на отделно заглавие | Български |
| Код за езика КДБФ | Български |
| 072 #7 - Код за тематичната категория | |
| Код организация | bullib |
| Код за тематична категория | К |
| Текст | Краезнание |
| 080 ## - УДК | |
| Текстов определител УДК | Селскостопански предприятия. Земевладения |
| УДК код - определител по УДК | 631.11 |
| УДК определител | (091)(497.21-22) |
| УДК - код + определител | 631.11(091)(497.21-22) |
| 100 1# - Редна дума - Автор | |
| Автор | Ботев, Пеньо |
| Авторска отговорност | първи автор |
| R(LIN) | 330494 |
| 139 ## - Редно поле | |
| Редна дума | Ботев, Пеньо и др. |
| Авторски знак | Ботев, Хр. - Б 70 |
| 245 10 - Сведения за заглавието | |
| Заглавие | Двадесет победни години |
| Подзаглавни данни | По случай 20-год. на ТКЗС Кина Василева в с. Копривец, Русенско 1947-1967 |
| Редно поле (дума) | Пеньо Ботев; съавт. Петър Великовски; съавт. Ас. Цонев. |
| 257 ## - Страна на издаване | |
| Страна на създаване/издаване | България |
| 260 ## - Област на издателските данни | |
| Име на издателя, разпространителя и проч. | ТКЗС Кина Василева |
| Година на издаване | 1967 |
| Печатница | Русе : ДИКП Дунав |
| 300 ## - Физическа характеристика | |
| Страници | 88 с. |
| Илюстрации и др. | с ил. |
| Размери/Мащаб | 22 см |
| 380 ## - Жанр | |
| Жанр | Обществени науки |
| 500 ## - Общи забележки | |
| Забележка | Авт. не са дадени на кор. - Изд. на Общ. парт. к-т, ТКЗС Кина Василева. УС - с. Копривец, Русенско. - 1 500 тир. |
| 650 #4 - Допълнително описание по предмет – тема | |
| Основно описание – тема или топоним | ТКЗС |
| 9 (RLIN) | 317776 |
| 651 #4 - Допълнително описание по предмет - топоним | |
| Географско понятие | Копривец |
| 9 (RLIN) | 179065 |
| 651 #4 - Допълнително описание по предмет - топоним | |
| Географско понятие | Русенско |
| 9 (RLIN) | 179464 |
| 651 #4 - Допълнително описание по предмет - топоним | |
| Географско понятие | България |
| 9 (RLIN) | 241624 |
| 653 ## - Ключова дума – ненормативна | |
| Ключова дума | ТКЗС |
| 659 ## - Тематичен бюлетин | |
| Тематичен бюлетин | К |
| 700 1# - Други автори (авторска отговорност) | |
| Лично име | Великовски, Петър Иванов |
| Друга информация | Историк |
| 9 (RLIN) | 47059 |
| 700 1# - Други автори (авторска отговорност) | |
| Лично име | Цонев, Ас. |
| Автороска отговорност (Описва отношението между автора и произведението) | съавт. |
| 9 (RLIN) | 330496 |
| 852 ## - Местоположение | |
| Форматна сигнатура | Цб 44584 |
| 852 ## - Местоположение | |
| Форматна сигнатура | К 63/Б 69 Пд |
| 856 4# - Електронен адрес и достъп | |
| Електронен формат | pdf - файл |
| 856 4# - Електронен адрес и достъп | |
| Електронен формат | pdf - файл |
| 999 ## - СИСТЕМНИ КОНТРОЛНИ НОМЕРА | |
| Koha biblionumber | 149424 |
| Koha biblioitemnumber | 149424 |
| 942 ## - АРТИКУЛИ | |
| Вид на библиотечния материал | Книги |
| Скрит в OPAC | Не |
| Периодичен библиозапис | Да |
| Koha issues (borrowed), all copies | 1 |
| 944 ## - СЪЗДАВАНЕ И РЕДАКЦИЯ на ЗАПИСА | |
| Създаване/Редакция | Създаване |
| Дата на регистрацията/редакция | 16.01.2014 |
| Статус, дата на статуса | Геновева Генчева |
| Служител, извършил регистрацията/редакцията | 30560 |
| 944 ## - СЪЗДАВАНЕ И РЕДАКЦИЯ на ЗАПИСА | |
| Създаване/Редакция | Редакция |
| Дата на регистрацията/редакция | 14.05.2015 |
| Статус, дата на статуса | 16.01.2014 - от С1,Р / 16.01.2014 |
| Служител, извършил регистрацията/редакцията | Валя_Йорданова |
| 999 ## - СИСТЕМНИ КОНТРОЛНИ НОМЕРА | |
| Koha biblioitemnumber | 149424 |
| Код за отписване | Код за изгубен артикул | Източник на класификационната схема | Код за повреда | Коз за рестрикции | Код за отдаване | Артикулен № | Име на библиотеката - собственик | Име на библиотеката, в която се намира в момента | Статус (Текущо местоположение) | Дата на вписване в системата | Местоположение - отдел | Цена в лева | Инвентарен номер | Систематично азбучна сигнатура | Баркод | Номер на екземпляра | Цена в евро | Служебна бележка | Служебен тип на артикула |
|---|---|---|---|---|---|---|---|---|---|---|---|---|---|---|---|---|---|---|---|
| Не е изгубен | Universal Decimal Classification | Не е повреден | без рестрикции | ползва се в читалня | 249508 | Регионална библиотека "Любен Каравелов" Русе | Регионална библиотека "Любен Каравелов" Русе | Краезнание | 1967-01-01 | Краезнание | 0.40 | 180584 | К 63/Б 69 Пд | 120000180584 | 1 | 0.20 | Дост: DA Вид: А N: стар фонд Дата: 01.01.1967 Дата инв: 10.11.2017 Бележки инв: К2017 | Книги | |
| Не е изгубен | Universal Decimal Classification | Не е повреден | без рестрикции | ползва се в читалня | 249509 | Регионална библиотека "Любен Каравелов" Русе | Регионална библиотека "Любен Каравелов" Русе | Краезнание | 1967-01-01 | Краезнание | 0.25 | 86694 | К 63/Б 69 Пд | 120000086694 | 2 | 0.13 | Дост: DA Вид: А N: стар фонд Дата: 01.01.1967 Дата инв: 16.11.2017 Бележки инв: К2017 | Книги | |
| Не е изгубен | Universal Decimal Classification | Не е повреден | без рестрикции | ползва се в читалня | 249510 | Регионална библиотека "Любен Каравелов" Русе | Регионална библиотека "Любен Каравелов" Русе | Краезнание | 1967-01-01 | Краезнание | 0.20 | 16027/67 | К 63/Б 69 Пд | 900000003511 | 3 | 0.10 | Дост: DA Вид: А N: стар фонд Дата: 01.01.1967 Дата инв: 16.11.2017 Бележки инв: К2017 | Книги |